Điều tra thành phần loài và các nhân tố ảnh hưởng đến nguồn tài nguyên thực vật thân gỗ tại rừng tự nhiên huyện Phước Sơn - tỉnh Quảng Nam

Điều tra thành phần loài thực vật thân gỗ và các nhân tố ảnh hưởng đến nguồn tài nguyên này tại rừng tự nhiên Huyện Phước Sơn, trên cơ sở đó đề xuất một số phương hướng bảo tồn và phát triển hệ thực vật tại địa bàn nghiên cứu....

Fuld beskrivelse

Đã lưu trong:
Bibliografiske detaljer
Hovedforfatter: Nguyễn Thị Tin
Andre forfattere: Nguyễn Thị Đào (Hướng dẫn)
Format: Bog
Sprog:Vietnamese
Udgivet: Đà Nẵng Đại học Sư phạm, Đại học Đà Nẵng 2013
Fag:
Tags: Tilføj Tag
Ingen Tags, Vær først til at tagge denne postø!
Thư viện lưu trữ: Mạng thư viện Đại học Đà Nẵng
LEADER 02001nam a2200373 4500
001 000018488
003 14920
005 20131115161122.0
008 131113s2013 viesd
041 |a vie 
082 1 4 |a 582.16  |b NG-T 
100 1 |a Nguyễn Thị Tin 
245 1 |a Điều tra thành phần loài và các nhân tố ảnh hưởng đến nguồn tài nguyên thực vật thân gỗ tại rừng tự nhiên huyện Phước Sơn - tỉnh Quảng Nam  |c Nguyễn Thị Tin ; Nguyễn Thị Đào hướng dẫn  |k Khóa luận tốt nghiệp 
260 |a Đà Nẵng  |b Đại học Sư phạm, Đại học Đà Nẵng  |c 2013 
300 |a 38 tr.  |b mh.  |c 29 cm.  |e Bản tóm tắt 
500 |a Khóa luận tốt nghiệp đại học. Chuyên ngành: Sư phạm Sinh 
504 |a Mục lục đầu trang, tài liệu tham khảo tr. 73 - 74, phụ lục [13 tr.] 
520 |a Điều tra thành phần loài thực vật thân gỗ và các nhân tố ảnh hưởng đến nguồn tài nguyên này tại rừng tự nhiên Huyện Phước Sơn, trên cơ sở đó đề xuất một số phương hướng bảo tồn và phát triển hệ thực vật tại địa bàn nghiên cứu. 
600 1 4 |b Vua  |c Đinh Tiên Hoàng 
650 0 4 |a Thực vật thân gỗ  |v Khóa luận tốt nghiệp  |x Điều tra  |z Quảng Nam (Phước Sơn) 
653 |a Tài nguyên rừng 
653 |a Khoa Sinh môi trường 
653 |a Thực vật thân gỗ 
700 1 |a Nguyễn Thị Đào  |e Hướng dẫn 
OWN |a LSP 
AVA |a UDN50  |b LSP  |d 582.16 NG-T  |e available  |t Error 5001 Not defined in file expand_doc_bib_avail.  |f 1  |g 0  |h N  |i 0  |k 1 
999 |a From the UDN01 
AVA |a UDN50  |b LSP  |d 582.16 NG-T  |e available  |t Error 5001 Not defined in file expand_doc_bib_avail.  |f 1  |g 0  |h N  |i 0  |k 1 
TYP |a Monograph 
TYP |a Printed language 
980 |a Mạng thư viện Đại học Đà Nẵng